Prototipos de pieles arquitectónicas reactivas, para control de elementos climáticos : generación de prototipos basados en la valoración geométrica y la arquitectura biomimética
Sábháilte in:
| Príomhchruthaitheoir: | |
|---|---|
| Rannpháirtithe: | , , |
| Formáid: | LEABHAR |
| Teanga: | Spanish |
| Foilsithe / Cruthaithe: |
[San José, Costa Rica]
2021.
|
| Ábhair: | |
| Clibeanna: |
Cuir clib leis
Níl clibeanna ann, Bí ar an gcéad duine le clib a chur leis an taifead seo!
|
MARC
| LEADER | 00000nam a2200000Ia 4500 | ||
|---|---|---|---|
| 003 | 013463 | ||
| 005 | 20230330110444.0 | ||
| 008 | 140116s2021 cr a 000 ||spa d | ||
| 040 | |c cru CEDI | ||
| 100 | |a Víquez Ramírez, Carlos, 1986- |9 248 | ||
| 245 | |a Prototipos de pieles arquitectónicas reactivas, para control de elementos climáticos : generación de prototipos basados en la valoración geométrica y la arquitectura biomimética | ||
| 260 | |a [San José, Costa Rica] |c 2021. | ||
| 500 | |a Seminario de graduación (licenciatura en arquitectura)--Universidad de Costa Rica. Facultad de Ingeniería. Escuela de Arquitectura | ||
| 501 | |a Director de Seminario de Graduación: Lic. Omar Chavarría Abarca | ||
| 650 | |x BIOMIMETICA |x DISEÑO ARQUITECTONICO |x ARQUITECTURA - ASPECTOS AMBIENTALES |x ARQUITECTURA Y CLIMA |x ARQUITECTURA Y BIOLOGIA | ||
| 700 | |9 249 |a González Zeledón, Christopher, 1994- | ||
| 700 | |9 250 |a Villalobos Solano, Nathalie, 1988- | ||
| 700 | |9 228 |a Chavarría Abarca, Omar Eliecer, 1969- |d Director del TFG | ||
| 942 | |c CEDI |h TFG 8614 |6 TFG_8614_000000000000000 | ||
| 999 | |c 21965 |d 21965 | ||
